Trpaslíci na cestách

Bibliographic Details
Format: Book
Language:Slovak
PhysicalDescription:[25] s. ilustrácie 14x18 cm
Published: Žilina O. Trávniček [pred r. 1931]
Subjects:

MARC

LEADER 00000cam a2200000 a 4500
001 vtls008402932
003 SK-MaSNL
005 20260301021130.0
008 200104q1931 xo a a 000 j slo
015 |a SNBA19191938-013306 
020 |q (viazané) 
035 |a SK01SNKBSKHR20010095149 
035 |a urn:nbn:sk:snk-am3hetb 
035 |a 27FE342A-B070-4EEC-9320-6A04EFB4FAB0 
035 |a urn:nbn:sk:snk-am00cxtb 
035 |a SKM000097612 
040 |a SNK  |b slo  |c SNK  |e AACR2 
041 0 |a slo 
044 |a xo  |c SK 
072 7 |a 821.162.4  |x Slovenská literatúra  |2 konspekt 
072 7 |a 82-93  |x Literatúra pre deti a mládež (beletria)  |2 konspekt 
080 |a 821.162.4  |2 2011 
080 |a 82-93-053.2  |2 2011 
080 |a (0.05)  |2 2011 
245 0 0 |a Trpaslíci na cestách 
260 |a Žilina  |b O. Trávniček  |c [pred r. 1931]  |e [s.l.]  |f [s.n.] 
300 |a [25] s.  |b ilustrácie  |c 14x18 cm 
650 0 7 |a slovenská literatúra  |2 SNKPH  |9 1115 
650 0 7 |a Slovak literature  |2 SNKPHeng  |9 265073 
655 7 |a publikácie pre deti  |2 SNKPH  |9 70148 
655 7 |a Children's literature  |2 SNKPHeng  |9 276039 
958 |a DB 
958 |a LX 
999 |c 564652  |d 566582 
952 |a SNK  |b SNK  |y PREZ  |7 0  |p 17A0731707  |o snkSE 424  |i snk60/31  |0 0  |1 0  |4 0  |d 2017-06-29  |f 1  |l 0  |r 2026-02-23 13:54:08  |w 2026-02-23